Central Library OPAC University of Rajshahi

Microbiology / (Record no. 70963)

MARC details
000 -LEADER
fixed length control field 00764nam a2200265 a 4500
001 - CONTROL NUMBER
control field 70963
003 - CONTROL NUMBER IDENTIFIER
rucl marc code BD-RjUL
005 - DATE AND TIME OF LATEST TRANSACTION
control field 20211209082049.0
008 - FIXED-LENGTH DATA ELEMENTS--GENERAL INFORMATION
fixed length control field 170423s1967 ru a 001 0 eng d
035 ## - SYSTEM CONTROL NUMBER
System control number (BD-RjUL)71177
040 ## - CATALOGING SOURCE
Original cataloging agency BD-RjUL
Language of cataloging eng
Transcribing agency BD-RjUL
041 ## - LANGUAGE CODE
Language code of text/sound track or separate title eng
080 ## - UNIVERSAL DECIMAL CLASSIFICATION NUMBER
Universal Decimal Classification number 576.8
082 ## - DEWEY DECIMAL CLASSIFICATION NUMBER
Edition number 23
Classification number 579
Author mark and year PYM 1967
100 10 - MAIN ENTRY--PERSONAL NAME
Personal name Pyatkin, K.
9 (RLIN) 209990
245 10 - TITLE STATEMENT
Title Microbiology /
Statement of responsibility, etc. K. Pyatkin ; translated from the Russian by L. Aksenova and V. Lisovskaya.
260 ## - PUBLICATION, DISTRIBUTION, ETC. (IMPRINT)
Place of publication, distribution, etc. Moscow :
Name of publisher, distributor, etc. Mir publishers,
Date of publication, distribution, etc. 1967
300 ## - PHYSICAL DESCRIPTION
Pagination 584 p. :
Illustrations ill. ;
Size 21 cm.
500 ## - GENERAL NOTE
General note Includes index
650 #0 - SUBJECT ADDED ENTRY--TOPICAL TERM
Topical term or geographic name as entry element Microorganisms.
9 (RLIN) 209991
Topical term or geographic name as entry element Microbiology.
9 (RLIN) 209992
700 ## - ADDED ENTRY--PERSONAL NAME
Personal name Aksenova, L.
Personal name Lisovskaya, V.
942 ## - ADDED ENTRY ELEMENTS (KOHA)
Source of classification or shelving scheme Dewey Decimal Classification
Koha item type Books
Holdings
Lost status Source of classification or shelving scheme Damaged status Not for loan Collection code Permanent Location Current Location Shelving location Date acquired Source of acquisition Cost, normal purchase price Total Checkouts Full call number Date last seen Copy number Koha item type
  Dewey Decimal Classification   Not For Loan Non-fiction Central Library, University of Rajshahi Central Library, University of Rajshahi Reading Room 13/08/1973 Aligorh Library 9.00   579 PYM 1967 23/04/2017 C-1 Books